Československý rok 1938

Salvato in:
Dettagli Bibliografici
Natura: Libro
Lingua:ceco
Pubblicazione: Praha Panorama 1988
Edizione:1. vyd.
Serie:Stopy, fakta, svědectví
Tags: Aggiungi Tag
Nessun Tag, puoi essere il primo ad aggiungerne!!

MARC

LEADER 00000nam a2200000 4500
001 c033652
005 20250124115946.8
041 0 |a cze 
044 |a CZ 
245 1 0 |a Československý rok 1938  |c Robert Kvaček, Aleš Chalupa, Miloš Heyduk 
250 |a 1. vyd. 
264 1 |a Praha  |b Panorama  |c 1988 
300 |a 301 s. 
490 1 |a Stopy, fakta, svědectví 
830 0 |a Stopy, fakta, svědectví